000 00572 a2200181 4500
003 Nust
005 20170207153551.0
040 _cNust
082 _a005.1
100 _aAhmed, Farid ( MSCS-1)
245 _aDevelopment of automated circuit planning system
_cFarid Ahmed,
260 _bMCS,NUST
_cDecember 1995
_aRawalpindi
300 _avii, 117, p;
505 _aIntroduction (page-1) Background (page-6) Conceptual model (page-18) Implementation (page-47) Summary and future work (page-77)
538 _aAlmirah No.69 Shelf No. 5
650 _aPG Thesis
651 _aMSCS-1
942 _cTHS
999 _c188852
_d188852